| 000 | 00000nam##2200000za#4500 |
| 001 | 9.665473 |
| 003 | CaOODSP |
| 005 | 20210615122244 |
| 007 | ta |
| 008 | 150407|2004||||xxc||||| f|0| 0 eng|d |
| 020 | |a0-662-68159-2 |
| 040 | |aCaOODSP|beng |
| 041 | |aeng |
| 041 | |afre |
| 043 | |an-cn--- |
| 086 | 1 |aT48-40/2004 |
| 110 | 1 |aCanada.|bTransport Canada. |bTransportation Development Centre. |
| 245 | 10|aImpact of heavy vehicles on crossing safety : |bdevelopment of an adapted design tool - project summary |
| 260 | |aMontreal - Quebec : |bTransport Canada. |c2004. |
| 300 | |aEnglish text, 4p. : |bcoloured illus. ; |c28 cm. |
| 563 | |aSoftcover |
| 590 | |a04-34|b2004-08-20 |
| 690 | 07|aRoad safety|2gcpds |
| 776 | 0#|tImpact des véhicules lourds sur la sécurité aux passages à niveau : |w(CaOODSP)9.631416 |
| 776 | 0#|tImpact of heavy vehicles on crossing safety : |w(CaOODSP)9.686952 |
| 792 | |tImpact des véhicules lourds sur la sécurité aux passages à niveau : |efre|w(CaOODSP)9.665474 |